लोड हो रहा है...

Research methodology in social sciences: A practical guide

ग्रंथसूची विवरण
मुख्य लेखक: Kanak Kanti Bagchi
स्वरूप: Printed Book
प्रकाशित: New Delhi Abhijeet publications 2007
विषय:
LEADER 00445nam a22001217a 4500
082 |a 001.42  |b BAG.R 
100 |a Kanak Kanti Bagchi 
245 |a Research methodology in social sciences: A practical guide 
260 |a New Delhi  |b Abhijeet publications  |c 2007 
650 |a Data collection 
942 |c BK 
999 |c 6329  |d 6329 
952 |0 0  |1 0  |4 0  |6 001_420000000000000_BAG_R  |7 0  |8 NFIC  |9 8029  |a CAMPUS  |b CAMPUS  |d 2015-11-06  |l 0  |o 001.42 BAG.R  |p 13384  |r 2015-11-06  |w 2015-11-06  |y BK